[Event "NB2 Barcza csoport"]
[Site "Mezokovesd"]
[Date "2024.12.01"]
[Round "3.5"]
[White "Kovacs, Marton"]
[Black "Pap, Janos"]
[Result "1/2-1/2"]
[WhiteElo "2116"]
[BlackElo "2005"]
[PlyCount "61"]
[GameId "2119495500276358"]
[EventDate "2024.11.03"]
[EventType "team-tourn"]
[EventRounds "9"]
[EventCountry "HUN"]
[Source "chess.hu"]
[WhiteTeam "Hajduboszormenyi SE"]
[BlackTeam "Mezokovesd Zsory SE"]
[WhiteTeamCountry "HUN"]
[BlackTeamCountry "HUN"]

1. d4 Nf6 2. c4 e6 3. a3 d5 4. Nc3 Be7 5. Nf3 O-O 6. Bf4 b6 7. cxd5 Nxd5 8. Nxd5 exd5 9. e3 c5 10. Bd3 c4 11. Bc2 Bg4 12. Qb1 h6 13. Ne5 Be6 14. O-O Bd6 15. Qd1 Bxe5 16. Bxe5 Nc6 17. Bf4 Qd7 18. b3 Na5 19. bxc4 Nxc4 20. Qd3 f5 21. h3 Rac8 22. a4 Qe7 23. Rfb1 Na5 24. Bb3 Rc6 25. Ba2 Rfc8 26. Qb5 Qd8 27. f3 Nc4 28. Bxc4 dxc4 29. a5 c3 30. Rc1 Qd5 31. Rab1 1/2-1/2

[Event "NB2 Barcza csoport"]
[Site "Mezokovesd"]
[Date "2024.12.01"]
[Round "3.6"]
[White "Hevesi, Zoltan"]
[Black "Miklosi, Attila"]
[Result "1/2-1/2"]
[WhiteElo "2004"]
[BlackElo "2041"]
[PlyCount "21"]
[GameId "2119495534027414"]
[EventDate "2024.11.03"]
[EventType "team-tourn"]
[EventRounds "9"]
[EventCountry "HUN"]
[Source "chess.hu"]
[WhiteTeam "Mezokovesd Zsory SE"]
[BlackTeam "Hajduboszormenyi SE"]
[WhiteTeamCountry "HUN"]
[BlackTeamCountry "HUN"]

1. d4 Nf6 2. c4 g6 3. Nc3 d5 4. Bf4 Bg7 5. e3 O-O 6. Nf3 c5 7. dxc5 Qa5 8. Rc1 Ne4 9. cxd5 Nxc3 10. Qd2 Qxc5 11. bxc3 1/2-1/2

[Event "NB2 Barcza csoport"]
[Site "Mezokovesd"]
[Date "2024.12.01"]
[Round "3.7"]
[White "Uzonyi, David"]
[Black "Pap, Kristof"]
[Result "1-0"]
[WhiteElo "2033"]
[BlackElo "1943"]
[PlyCount "67"]
[GameId "2119495569224358"]
[EventDate "2024.11.03"]
[EventType "team-tourn"]
[EventRounds "9"]
[EventCountry "HUN"]
[Source "chess.hu"]
[WhiteTeam "Hajduboszormenyi SE"]
[BlackTeam "Mezokovesd Zsory SE"]
[WhiteTeamCountry "HUN"]
[BlackTeamCountry "HUN"]

1. e4 c6 2. d4 d5 3. Nc3 dxe4 4. Nxe4 Nd7 5. Nf3 Ngf6 6. Ng3 e6 7. Bd3 Bd6 8. Bd2 Qc7 9. c4 c5 10. Qe2 O-O 11. Ne4 Bf4 12. Nxf6+ Nxf6 13. Bxf4 Qxf4 14. dxc5 Rd8 15. O-O b6 16. c6 Ba6 17. Rfd1 Re8 18. Qe5 Qg4 19. h3 Qh5 20. b4 Rad8 21. b5 Bc8 22. Qc7 e5 23. Nxe5 Qxe5 24. Qxe5 Rxe5 25. Bxh7+ Kxh7 26. Rxd8 Be6 27. Rc1 Rc5 28. Ra8 Ne4 29. Rxa7 Nd6 30. a4 Nxc4 31. Kh2 Kg6 32. Ra6 Rg5 33. g4 f5 34. f4 1-0

[Event "NB2 Barcza csoport"]
[Site "Mezokovesd"]
[Date "2024.12.01"]
[Round "3.8"]
[White "Sallai, Janos"]
[Black "Toth, Janos"]
[Result "1/2-1/2"]
[WhiteElo "1888"]
[BlackElo "2049"]
[PlyCount "101"]
[GameId "2119495612945078"]
[EventDate "2024.11.03"]
[EventType "team-tourn"]
[EventRounds "9"]
[EventCountry "HUN"]
[Source "chess.hu"]
[WhiteTeam "Mezokovesd Zsory SE"]
[BlackTeam "Hajduboszormenyi SE"]
[WhiteTeamCountry "HUN"]
[BlackTeamCountry "HUN"]

1. e4 e5 2. Nf3 Nc6 3. d4 exd4 4. Nxd4 Nxd4 5. Qxd4 Qf6 6. e5 Qg6 7. Nc3 Qb6 8. Qxb6 axb6 9. Nd5 Kd8 10. Bc4 h6 11. Bf4 Ne7 12. O-O-O Ra4 13. Bb3 Nxd5 14. Bxa4 Nxf4 15. g3 Ne6 16. f4 g6 17. Rd2 c6 18. Bb3 b5 19. Rf1 Bc5 20. Kb1 Ke7 21. c3 d5 22. exd6+ Bxd6 23. Re2 Kf6 24. Ref2 Nc5 25. Bc2 Bf5 26. Bxf5 Kxf5 27. Re2 h5 28. Rd1 Rd8 29. Rxd6 Rxd6 30. Re5+ Kg4 31. Rxc5 Rd1+ 32. Kc2 Rh1 33. Rg5+ Kf3 34. f5 Rxh2+ 35. Kb3 Rg2 36. fxg6 fxg6 37. Rxg6 Rxg3 38. Rh6 Rg5 39. Rh7 Kg4 40. Rxb7 h4 41. Rd7 h3 42. Rd4+ Kg3 43. Rd3+ Kg2 44. Rd2+ Kf1 45. a4 Rg2 46. Rd1+ Ke2 47. Rh1 bxa4+ 48. Kxa4 h2 49. b4 Kf3 50. Kb3 Rd2 51. Re1 1/2-1/2

[Event "NB2 Barcza csoport"]
[Site "Mezokovesd"]
[Date "2024.12.01"]
[Round "3.10"]
[White "Kelemen, Gyorgy"]
[Black "Toth, Gergely"]
[Result "1-0"]
[WhiteElo "1976"]
[BlackElo "1814"]
[PlyCount "83"]
[GameId "2119495703995094"]
[EventDate "2024.11.03"]
[EventType "team-tourn"]
[EventRounds "9"]
[EventCountry "HUN"]
[Source "chess.hu"]
[WhiteTeam "Mezokovesd Zsory SE"]
[BlackTeam "Hajduboszormenyi SE"]
[WhiteTeamCountry "HUN"]
[BlackTeamCountry "HUN"]

1. e4 c5 2. Nf3 e6 3. d4 cxd4 4. Nxd4 a6 5. Be2 Nf6 6. Bf3 Qc7 7. O-O Be7 8. Nc3 O-O 9. Be3 d6 10. Qd2 Nc6 11. Nxc6 bxc6 12. Rfe1 Bb7 13. Na4 c5 14. Nc3 Rad8 15. Bf4 Bc6 16. Qe3 Qb7 17. h3 Rfe8 18. e5 dxe5 19. Bxc6 Qxc6 20. Bxe5 Nd5 21. Qg3 f6 22. Nxd5 Qxd5 23. Bc3 e5 24. Qg4 Qc6 25. Qc4+ Kh8 26. Rad1 Bd6 27. Rd2 Rd7 28. Red1 Ree7 29. Qd5 Qc8 30. Qb3 Qc6 31. Rxd6 Rxd6 32. Qb8+ Re8 33. Qxd6 Qxd6 34. Rxd6 Ra8 35. Rc6 h6 36. Rxc5 Rf8 37. Rc6 Ra8 38. a4 Kg8 39. b4 Kf7 40. b5 axb5 41. axb5 Rb8 42. b6 1-0

[Event "NB2 Barcza csoport"]
[Site "Mezokovesd"]
[Date "2024.12.01"]
[Round "3.11"]
[White "Szabo, Mate"]
[Black "Molnar, Marton Adam"]
[Result "1-0"]
[WhiteElo "1853"]
[BlackElo "1586"]
[PlyCount "79"]
[GameId "2119495768597222"]
[EventDate "2024.11.03"]
[EventType "team-tourn"]
[EventRounds "9"]
[EventCountry "HUN"]
[Source "chess.hu"]
[WhiteTeam "Hajduboszormenyi SE"]
[BlackTeam "Mezokovesd Zsory SE"]
[WhiteTeamCountry "HUN"]
[BlackTeamCountry "HUN"]

1. d4 Nf6 2. c4 e6 3. Nc3 d5 4. Nf3 c6 5. e3 Be7 6. Bd3 Nbd7 7. O-O O-O 8. e4 dxe4 9. Nxe4 Nxe4 10. Bxe4 Nf6 11. Bc2 c5 12. Re1 cxd4 13. Nxd4 Qc7 14. Qe2 a6 15. b3 Bb4 16. Bd2 Bxd2 17. Qxd2 Rd8 18. Qc3 b5 19. Rad1 Bb7 20. Bd3 e5 21. Nc2 e4 22. Bf1 h6 23. h3 bxc4 24. Qxc4 Qf4 25. Ne3 Rdc8 26. Qb4 Rc7 27. Qb6 a5 28. Rd6 Rac8 29. Red1 Kh7 30. Qxa5 Rc1 31. Qb4 R8c7 32. a4 Nh5 33. Qd2 R1c5 34. b4 Rg5 35. b5 Qh4 36. Kh1 Bc8 37. Rd5 Bxh3 38. gxh3 Rxd5 39. Nxd5 Rc5 40. Qe3 1-0

[Event "NB2 Barcza csoport"]
[Site "Mezokovesd"]
[Date "2024.12.01"]
[Round "3.12"]
[White "Gaspar, Muriel Aranka"]
[Black "Tar, Zsombor Jozsef"]
[Result "1/2-1/2"]
[WhiteElo "1665"]
[BlackElo "1746"]
[PlyCount "87"]
[GameId "2119495802356470"]
[EventDate "2024.11.03"]
[EventType "team-tourn"]
[EventRounds "9"]
[EventCountry "HUN"]
[Source "chess.hu"]
[WhiteTeam "Mezokovesd Zsory SE"]
[BlackTeam "Hajduboszormenyi SE"]
[WhiteTeamCountry "HUN"]
[BlackTeamCountry "HUN"]

1. d4 d5 2. Nc3 Nf6 3. Bg5 e6 4. e4 dxe4 5. Nxe4 Be7 6. Bxf6 Bxf6 7. c3 Be7 8. f4 b6 9. Bd3 Bb7 10. Qh5 Nd7 11. Nf3 Bxe4 12. Bxe4 Rb8 13. Bc6 O-O 14. Bxd7 Qxd7 15. O-O-O Qd5 16. Qxd5 exd5 17. Ne5 Rb7 18. g3 Bd6 19. Rhe1 f6 20. Nc6 Kf7 21. Re2 Re8 22. Rde1 Rxe2 23. Rxe2 Kf8 24. f5 b5 25. Kd1 b4 26. Kc2 bxc3 27. Kxc3 a5 28. a3 a4 29. Nb4 Bxb4+ 30. axb4 Rb6 31. b3 Rc6+ 32. Kb2 axb3 33. Kxb3 Rc4 34. Rc2 Rxc2 35. Kxc2 g6 36. fxg6 hxg6 37. g4 Ke7 38. Kd3 g5 39. b5 Ke6 40. Ke3 f5 41. gxf5+ Kxf5 42. h3 Kg6 43. Kf3 Kf5 44. Ke3 1/2-1/2

[Event "NB2 Barcza csoport"]
[Site "Kazincbarcika"]
[Date "2024.12.01"]
[Round "3.1"]
[White "Bai, Attila"]
[Black "Hando, Vilmos"]
[Result "1-0"]
[WhiteElo "2111"]
[BlackElo "2373"]
[PlyCount "75"]
[GameId "2119484734843398"]
[EventDate "2024.11.03"]
[EventType "team-tourn"]
[EventRounds "9"]
[EventCountry "HUN"]
[Source "chess.hu"]
[WhiteTeam "DEAC-Debr.Sakkiskola"]
[BlackTeam "Kazincbarcika VSC"]
[WhiteTeamCountry "HUN"]
[BlackTeamCountry "HUN"]

1. d4 Nf6 2. Nf3 g6 3. Bf4 Bg7 4. Nc3 d5 5. Qd2 h6 6. Ne5 Nh5 7. e3 Nc6 8. Bb5 Bd7 9. Bxc6 Bxc6 10. Nxc6 bxc6 11. Na4 O-O 12. O-O g5 13. Be5 f6 14. Bg3 e5 15. Nc5 Qd6 16. b4 Rae8 17. Rae1 f5 18. Bxe5 Bxe5 19. dxe5 Rxe5 20. Qd4 Ree8 21. a4 Nf6 22. f3 Nd7 23. Nxd7 Qxd7 24. a5 a6 25. Qd3 Qd6 26. c3 Qf6 27. Rc1 Re6 28. Rfe1 Rfe8 29. Qxa6 Rxe3 30. Rxe3 Rxe3 31. Qc8+ Kg7 32. Qxc7+ Kg6 33. Qd7 Re7 34. Qc8 Kh5 35. g4+ Kh4 36. Qxf5 Qd6 37. Qc2 Qf4 38. Kg2 1-0

[Event "NB2 Barcza csoport"]
[Site "Kazincbarcika"]
[Date "2024.12.01"]
[Round "3.2"]
[White "Borsos, Bogdan"]
[Black "Dibusz, Domonkos"]
[Result "1/2-1/2"]
[WhiteElo "2057"]
[BlackElo "2083"]
[PlyCount "34"]
[GameId "2119484777736726"]
[EventDate "2024.11.03"]
[EventType "team-tourn"]
[EventRounds "9"]
[EventCountry "HUN"]
[Source "chess.hu"]
[WhiteTeam "Kazincbarcika VSC"]
[BlackTeam "DEAC-Debr.Sakkiskola"]
[WhiteTeamCountry "HUN"]
[BlackTeamCountry "HUN"]

1. e4 e5 2. Nf3 Nc6 3. Bb5 a6 4. Ba4 Nf6 5. O-O Be7 6. Bxc6 dxc6 7. d3 Bg4 8. h3 Bxf3 9. Qxf3 O-O 10. Nd2 Nd7 11. Nc4 Bf6 12. Qg3 Re8 13. f4 exf4 14. Bxf4 Ne5 15. Bxe5 Bxe5 16. Nxe5 Qd4+ 17. Qf2 Qxf2+ 1/2-1/2

[Event "NB2 Barcza csoport"]
[Site "Kazincbarcika"]
[Date "2024.12.01"]
[Round "3.3"]
[White "Hegedus, Gyorgy"]
[Black "Kubik, Janos"]
[Result "0-1"]
[WhiteElo "2039"]
[BlackElo "1932"]
[PlyCount "169"]
[GameId "2119484824226342"]
[EventDate "2024.11.03"]
[EventType "team-tourn"]
[EventRounds "9"]
[EventCountry "HUN"]
[Source "chess.hu"]
[WhiteTeam "DEAC-Debr.Sakkiskola"]
[BlackTeam "Kazincbarcika VSC"]
[WhiteTeamCountry "HUN"]
[BlackTeamCountry "HUN"]

1. d4 Nf6 2. Bg5 d5 3. Nf3 e6 4. e3 h6 5. Bh4 Be7 6. Nbd2 Nbd7 7. Bd3 c6 8. O-O O-O 9. c3 b6 10. Rc1 a5 11. Re1 Re8 12. Bb1 Nh7 13. Bg3 f5 14. Ne5 Nxe5 15. Bxe5 Nf6 16. Nf3 Bd6 17. Qb3 Rb8 18. c4 Ne4 19. cxd5 cxd5 20. Rc6 Bxe5 21. Bxe4 Bxh2+ 22. Kxh2 fxe4 23. Ne5 Rf8 24. Re2 Qh4+ 25. Kg1 Rf5 26. g4 Rxe5 27. dxe5 Qxg4+ 28. Kf1 Ba6 29. Qd1 Rf8 30. Ke1 Qg1+ 31. Kd2 Qxd1+ 32. Kxd1 Bxe2+ 33. Kxe2 Kf7 34. Rxb6 Ra8 35. a3 Ra7 36. b4 axb4 37. axb4 h5 38. Kf1 g5 39. b5 Ra1+ 40. Kg2 Ra2 41. Rc6 Rb2 42. b6 h4 43. Rc7+ Kg6 44. b7 Kf5 45. Rg7 g4 46. Kg1 g3 47. fxg3 hxg3 48. Rxg3 Rxb7 49. Kf2 Kxe5 50. Rg5+ Kd6 51. Rg6 Rf7+ 52. Ke2 Ke5 53. Rh6 Rf6 54. Rh8 Rf7 55. Rg8 Rh7 56. Rg2 Ra7 57. Rg8 Ra2+ 58. Ke1 Ra7 59. Ke2 Kd6 60. Kd2 Re7 61. Kc3 e5 62. Rd8+ Rd7 63. Re8 Rc7+ 64. Kd2 Re7 65. Rd8+ Kc6 66. Rc8+ Kd7 67. Ra8 Kc7 68. Kc3 Rd7 69. Ra7+ Kc6 70. Ra6+ Kb5 71. Re6 d4+ 72. Kd2 Rd5 73. Rh6 Kc4 74. Rh4 Ra5 75. Rxe4 Ra2+ 76. Ke1 Kd5 77. Rh4 d3 78. Kd1 Re2 79. Ra4 e4 80. Ra5+ Kd6 81. Rh5 Rxe3 82. Kd2 Re2+ 83. Kd1 Rg2 84. Kc1 e3 85. Rh3 0-1

[Event "NB2 Barcza csoport"]
[Site "Kazincbarcika"]
[Date "2024.12.01"]
[Round "3.4"]
[White "Marko, Arpad"]
[Black "Koncz, Istvan"]
[Result "0-1"]
[WhiteElo "1850"]
[BlackElo "1914"]
[PlyCount "72"]
[GameId "2119484873087542"]
[EventDate "2024.11.03"]
[EventType "team-tourn"]
[EventRounds "9"]
[EventCountry "HUN"]
[Source "chess.hu"]
[WhiteTeam "Kazincbarcika VSC"]
[BlackTeam "DEAC-Debr.Sakkiskola"]
[WhiteTeamCountry "HUN"]
[BlackTeamCountry "HUN"]

1. e4 c5 2. Nf3 d6 3. d4 cxd4 4. Nxd4 Nf6 5. Nc3 a6 6. a4 e5 7. Nb3 Be6 8. Be2 Be7 9. O-O O-O 10. Be3 Nc6 11. f3 Nb4 12. a5 Rc8 13. Bb6 Qe8 14. Rc1 d5 15. exd5 Nfxd5 16. Nxd5 Nxd5 17. Bf2 Bg5 18. Ra1 Qc6 19. c3 Rfd8 20. Qe1 Ne3 21. Nc1 Nxf1 22. Qxf1 Bc4 23. Bxc4 Qxc4 24. Qxc4 Rxc4 25. Nb3 Rd5 26. Nc5 Rcxc5 27. Bxc5 Rxc5 28. Kf2 Rd5 29. Re1 f5 30. Re2 Kf7 31. Rc2 Rd2+ 32. Rxd2 Bxd2 33. Ke2 Bc1 34. b3 Ke6 35. Kd3 Kd5 36. Kc2 Bg5 0-1

[Event "NB2 Barcza csoport"]
[Site "Kazincbarcika"]
[Date "2024.12.01"]
[Round "3.6"]
[White "Varga, Laszlo"]
[Black "Biro, Beata"]
[Result "0-1"]
[WhiteElo "1716"]
[BlackElo "1876"]
[PlyCount "64"]
[GameId "2119484994554454"]
[EventDate "2024.11.03"]
[EventType "team-tourn"]
[EventRounds "9"]
[EventCountry "HUN"]
[Source "chess.hu"]
[WhiteTeam "Kazincbarcika VSC"]
[BlackTeam "DEAC-Debr.Sakkiskola"]
[WhiteTeamCountry "HUN"]
[BlackTeamCountry "HUN"]

1. e4 c5 2. Nf3 Nc6 3. Nc3 g6 4. d4 cxd4 5. Nxd4 Bg7 6. Nxc6 bxc6 7. Bd2 e6 8. Bc4 Ne7 9. Rb1 O-O 10. O-O d5 11. exd5 cxd5 12. Bb3 Bb7 13. Na4 Rc8 14. Re1 Nc6 15. Nc5 Ba8 16. Nd3 e5 17. Nb4 Nd4 18. Ba4 Ne6 19. Nd3 e4 20. Nf4 Nc5 21. Bb3 Nxb3 22. axb3 d4 23. Bb4 Re8 24. Qg4 Rxc2 25. h4 h5 26. Qg3 Qb8 27. Ba3 Be5 28. b4 Bxf4 29. Qh3 e3 30. f3 Bg3 31. Rec1 Rxc1+ 32. Rxc1 e2 0-1

[Event "NB2 Barcza csoport"]
[Site "Kazincbarcika"]
[Date "2024.12.01"]
[Round "3.7"]
[White "Nemeth, Mark"]
[Black "Elek, Monika"]
[Result "1/2-1/2"]
[WhiteElo "1790"]
[BlackElo "1829"]
[PlyCount "26"]
[GameId "2119485028596326"]
[EventDate "2024.11.03"]
[EventType "team-tourn"]
[EventRounds "9"]
[EventCountry "HUN"]
[Source "chess.hu"]
[WhiteTeam "DEAC-Debr.Sakkiskola"]
[BlackTeam "Kazincbarcika VSC"]
[WhiteTeamCountry "HUN"]
[BlackTeamCountry "HUN"]

1. d4 d5 2. c4 e6 3. Nc3 c6 4. cxd5 exd5 5. Bf4 Nf6 6. Nf3 Nbd7 7. h3 Be7 8. e3 O-O 9. Bd3 Re8 10. Qc2 Nf8 11. g4 N6d7 12. g5 Nb6 13. O-O-O Bd6 1/2-1/2

[Event "NB2 Barcza csoport"]
[Site "Kazincbarcika"]
[Date "2024.12.01"]
[Round "3.8"]
[White "Toth, Janos"]
[Black "Radai, Balazs"]
[Result "0-1"]
[WhiteElo "1773"]
[BlackElo "1834"]
[PlyCount "64"]
[GameId "2119485076171382"]
[EventDate "2024.11.03"]
[EventType "team-tourn"]
[EventRounds "9"]
[EventCountry "HUN"]
[Source "chess.hu"]
[WhiteTeam "Kazincbarcika VSC"]
[BlackTeam "DEAC-Debr.Sakkiskola"]
[WhiteTeamCountry "HUN"]
[BlackTeamCountry "HUN"]

1. e4 c6 2. Nc3 d5 3. exd5 cxd5 4. d4 Nf6 5. Nf3 Nc6 6. h3 e6 7. a3 Bd6 8. Bb5 a6 9. Bxc6+ bxc6 10. O-O O-O 11. Be3 Rb8 12. Rb1 a5 13. Ne2 Ba6 14. Re1 Qc7 15. c3 Rb7 16. b4 Rfb8 17. Qc2 Nd7 18. Nd2 e5 19. dxe5 Nxe5 20. Nc1 c5 21. bxc5 Bf8 22. Rxb7 Rxb7 23. Bd4 Ng6 24. Nd3 Qd8 25. Rb1 Rc7 26. Rb6 Bc8 27. Nf3 Bf5 28. Qd2 Bxd3 29. Qxd3 Bxc5 30. Bxc5 Rxc5 31. Rb3 Nf4 32. Qb1 Ne2+ 0-1

[Event "NB2 Barcza csoport"]
[Site "Kazincbarcika"]
[Date "2024.12.01"]
[Round "3.9"]
[White "Ats, Laszlo Gyorgy"]
[Black "Dosa, Lajos"]
[Result "1-0"]
[WhiteElo "1903"]
[BlackElo "1741"]
[PlyCount "65"]
[GameId "2119485110012550"]
[EventDate "2024.11.03"]
[EventType "team-tourn"]
[EventRounds "9"]
[EventCountry "HUN"]
[Source "chess.hu"]
[WhiteTeam "DEAC-Debr.Sakkiskola"]
[BlackTeam "Kazincbarcika VSC"]
[WhiteTeamCountry "HUN"]
[BlackTeamCountry "HUN"]

1. d4 d5 2. h4 c6 3. Bf4 Nd7 4. c3 g6 5. h5 Bg7 6. Nf3 Ngf6 7. h6 Bf8 8. Ne5 Nh5 9. Rxh5 gxh5 10. e3 Nf6 11. Be2 Be6 12. Bxh5 Nxh5 13. Qxh5 Qc8 14. Nd2 Rg8 15. g3 Rg6 16. Nxg6 fxg6 17. Qe5 Bg8 18. Qh8 Kf7 19. Nf3 Bxh6 20. Bxh6 Ke6 21. O-O-O Kd7 22. Qe5 Qc7 23. Qxc7+ Kxc7 24. Bf4+ Kb6 25. Rh1 Rf8 26. Rh2 Rf5 27. g4 Rf6 28. Ng5 c5 29. Nxh7 Bxh7 30. Rxh7 cxd4 31. cxd4 e6 32. g5 Rf8 33. Rg7 1-0

[Event "NB2 Barcza csoport"]
[Site "Kazincbarcika"]
[Date "2024.12.01"]
[Round "3.10"]
[White "Varga, Laszlo Jr."]
[Black "Kantor, Sandor Dr."]
[Result "1/2-1/2"]
[WhiteElo "1655"]
[BlackElo "1863"]
[PlyCount "44"]
[GameId "2119485148535446"]
[EventDate "2024.11.03"]
[EventType "team-tourn"]
[EventRounds "9"]
[EventCountry "HUN"]
[Source "chess.hu"]
[WhiteTeam "Kazincbarcika VSC"]
[BlackTeam "DEAC-Debr.Sakkiskola"]
[WhiteTeamCountry "HUN"]
[BlackTeamCountry "HUN"]

1. d4 Nf6 2. Bf4 g6 3. e3 Bg7 4. Nf3 d6 5. Nbd2 Nh5 6. Bg3 Nd7 7. Be2 Nxg3 8. hxg3 c5 9. c3 O-O 10. Ne4 Qb6 11. Qc2 d5 12. dxc5 Nxc5 13. Nxc5 Qxc5 14. O-O-O e5 15. Qa4 e4 16. Nd4 a6 17. Rh2 Rd8 18. Rdh1 h6 19. f4 exf3 20. gxf3 Qe7 21. Nc2 Bf5 22. Qf4 Bxc2 1/2-1/2

[Event "NB2 Barcza csoport"]
[Site "Kazincbarcika"]
[Date "2024.12.01"]
[Round "3.11"]
[White "Biro, Csilla"]
[Black "Fazekas, David"]
[Result "0-1"]
[WhiteElo "1656"]
[BlackElo "1611"]
[PlyCount "98"]
[GameId "2119485183003302"]
[EventDate "2024.11.03"]
[EventType "team-tourn"]
[EventRounds "9"]
[EventCountry "HUN"]
[Source "chess.hu"]
[WhiteTeam "DEAC-Debr.Sakkiskola"]
[BlackTeam "Kazincbarcika VSC"]
[WhiteTeamCountry "HUN"]
[BlackTeamCountry "HUN"]

1. e4 e5 2. Bc4 Nf6 3. d3 Nc6 4. Nc3 h6 5. Nge2 Bc5 6. O-O d6 7. h3 Be6 8. Ng3 Qd7 9. Bxe6 fxe6 10. Na4 Bb6 11. Nxb6 axb6 12. a3 g5 13. Nh5 Qf7 14. Nxf6+ Qxf6 15. Qh5+ Kd7 16. c3 Rag8 17. Be3 Ne7 18. d4 exd4 19. e5 Qg6 20. Qxg6 Rxg6 21. Bxd4 Rhg8 22. exd6 Kxd6 23. Rad1 Kc6 24. Rfe1 Nf5 25. Be5 g4 26. hxg4 Rxg4 27. Bg3 Re8 28. Kh2 b5 29. Kh3 Ra4 30. Re2 e5 31. Rde1 Nxg3 32. Kxg3 Kd5 33. Rd1+ Kc6 34. Rh1 Re6 35. Rh5 Kd5 36. Re1 Rg6+ 37. Kh2 Re4 38. Rd1+ Kc4 39. Rd7 c6 40. a4 b6 41. axb5 Kxb5 42. Rh7 Re2 43. f4 Rgxg2+ 44. Kh1 Rgf2 45. Kg1 Rxf4 46. R7xh6 Rfe4 47. Re6 Rxb2 48. Rexe5+ Rxe5 49. Rxe5+ c5 0-1

[Event "NB2 Barcza csoport"]
[Site "Kazincbarcika"]
[Date "2024.12.01"]
[Round "3.12"]
[White "Gyenge, Attila"]
[Black "Bordos, Janos"]
[Result "1-0"]
[WhiteElo "1667"]
[BlackElo "1742"]
[PlyCount "101"]
[GameId "2119485217643192"]
[EventDate "2024.11.03"]
[EventType "team-tourn"]
[EventRounds "9"]
[EventCountry "HUN"]
[Source "chess.hu"]
[WhiteTeam "Kazincbarcika VSC"]
[BlackTeam "DEAC-Debr.Sakkiskola"]
[WhiteTeamCountry "HUN"]
[BlackTeamCountry "HUN"]

1. d4 Nf6 2. Nc3 d5 3. Bf4 c6 4. Nf3 Bf5 5. h3 Nbd7 6. Nh4 Bg6 7. Nxg6 hxg6 8. e3 e6 9. a3 Rc8 10. Bd3 a6 11. b4 Nb6 12. Qf3 Bd6 13. Bg5 e5 14. Qd1 Nbd7 15. Be2 Qe7 16. Rb1 Nf8 17. Na4 Ne6 18. Bxf6 Qxf6 19. c3 b5 20. Nc5 Bxc5 21. bxc5 Qg5 22. Bf1 e4 23. a4 Nc7 24. g3 f5 25. Be2 Qf6 26. Kd2 Ne6 27. axb5 axb5 28. Ra1 O-O 29. h4 Ra8 30. Qb3 Rfb8 31. Rhb1 Qd8 32. Ke1 Ra5 33. Kf1 Rba8 34. Rxa5 Rxa5 35. Kg2 Qa8 36. Qd1 Ra3 37. Rc1 Qa5 38. Qe1 Ra2 39. Qd1 Qa3 40. Rc2 Ra1 41. Qd2 Qb3 42. Rb2 Qa4 43. Qc2 Nd8 44. Qxa4 bxa4 45. Rb8 a3 46. Rxd8+ Kf7 47. Ra8 a2 48. c4 dxc4 49. Bxc4+ Kf6 50. Ra6 Ke7 51. Rxc6 1-0

[Event "NB2 Barcza csoport"]
[Site "Debrecen"]
[Date "2024.12.01"]
[Round "3.1"]
[White "Kassay, Krisztian"]
[Black "Forgacs, Jozsef"]
[Result "1/2-1/2"]
[WhiteElo "2107"]
[BlackElo "2208"]
[PlyCount "82"]
[GameId "2119382349078022"]
[EventDate "2024.11.03"]
[EventType "team-tourn"]
[EventRounds "9"]
[EventCountry "HUN"]
[Source "chess.hu"]
[WhiteTeam "M.Sportisk-KisBocsok"]
[BlackTeam "Karsol-DSBK"]
[WhiteTeamCountry "HUN"]
[BlackTeamCountry "HUN"]

1. d4 e6 2. Nf3 f5 3. c4 Nf6 4. Nc3 Bb4 5. a3 Bxc3+ 6. bxc3 O-O 7. g3 b6 8. Bg2 Bb7 9. O-O Be4 10. a4 Nc6 11. Ba3 Re8 12. Nd2 Bxg2 13. Kxg2 e5 14. e3 d6 15. Qf3 Qd7 16. Rfd1 Rad8 17. Bb2 e4 18. Qe2 Qf7 19. Nb3 g5 20. d5 Ne5 21. Nd4 Nfd7 22. Bc1 Nc5 23. a5 Qg6 24. axb6 axb6 25. Ra7 Rd7 26. Bd2 Rf8 27. Kh1 g4 28. Rda1 Nf3 29. h4 Nd3 30. Ra8 Rxa8 31. Rxa8+ Kg7 32. Ne6+ Kh6 33. Kg2 Re7 34. Nd4 Nde5 35. Bc1 Qh5 36. Qa2 Rf7 37. Rg8 Ng6 38. Kf1 Ne7 39. Rh8 Ng6 40. Rg8 Ne7 41. Rh8 Ng1 1/2-1/2

[Event "NB2 Barcza csoport"]
[Site "Debrecen"]
[Date "2024.12.01"]
[Round "3.2"]
[White "Debreceni, Mate"]
[Black "Kassay, Lilla"]
[Result "1/2-1/2"]
[WhiteElo "2091"]
[BlackElo "2059"]
[PlyCount "84"]
[GameId "2119382384967190"]
[EventDate "2024.11.03"]
[EventType "team-tourn"]
[EventRounds "9"]
[EventCountry "HUN"]
[Source "chess.hu"]
[WhiteTeam "Karsol-DSBK"]
[BlackTeam "M.Sportisk-KisBocsok"]
[WhiteTeamCountry "HUN"]
[BlackTeamCountry "HUN"]

1. e4 c6 2. d4 d5 3. exd5 cxd5 4. Bd3 Nc6 5. c3 Nf6 6. Bf4 g6 7. Nf3 Bg7 8. h3 Bf5 9. Bxf5 gxf5 10. Nbd2 Ne4 11. O-O e6 12. Ne1 Qh4 13. Nd3 O-O 14. Kh2 Rfe8 15. Nf3 Qd8 16. Nfe5 Ne7 17. Qh5 Ng6 18. Rae1 Rf8 19. Qd1 Nxf4 20. Nxf4 Qc7 21. f3 Nd6 22. Kh1 Nc4 23. Qe2 Kh8 24. Nh5 Rg8 25. f4 Nd6 26. Qf2 f6 27. Nd3 Ne4 28. Qh4 Qf7 29. g4 Bf8 30. Rg1 fxg4 31. hxg4 Be7 32. Re3 Rg6 33. Rh3 Rag8 34. Rg2 b5 35. Rhh2 a5 36. f5 exf5 37. gxf5 Rxg2 38. Rxg2 Rxg2 39. Kxg2 Qg8+ 40. Kf1 Nd2+ 41. Kf2 Ne4+ 42. Kf1 Nd2+ 1/2-1/2

[Event "NB2 Barcza csoport"]
[Site "Debrecen"]
[Date "2024.12.01"]
[Round "3.3"]
[White "Zelena, Tamas"]
[Black "Kanyadi, Zoltan"]
[Result "1-0"]
[WhiteElo "1987"]
[BlackElo "2009"]
[PlyCount "41"]
[GameId "2119382421405222"]
[EventDate "2024.11.03"]
[EventType "team-tourn"]
[EventRounds "9"]
[EventCountry "HUN"]
[Source "chess.hu"]
[WhiteTeam "M.Sportisk-KisBocsok"]
[BlackTeam "Karsol-DSBK"]
[WhiteTeamCountry "HUN"]
[BlackTeamCountry "HUN"]

1. e4 c5 2. Nf3 a6 3. c3 Nf6 4. e5 Nd5 5. d4 cxd4 6. cxd4 d6 7. Nc3 Nxc3 8. bxc3 Nc6 9. Bc4 dxe5 10. Ba3 exd4 11. O-O e6 12. Bxf8 Kxf8 13. cxd4 b5 14. Bb3 Na5 15. Ne5 f6 16. Re1 Nxb3 17. Qxb3 Qd6 18. Qf3 Ra7 19. Rac1 Bb7 20. Qf4 Qd5 21. Ng6+ 1-0